000 01468nam a2200373Ia 4500
001 ebr10279315
003 CaPaEBR
006 m u
007 cr cn|||||||||
008 960726s1997 nyua sb 001 0 eng d
010 _z 96033363
020 _z0195100573 (acid-free paper)
020 _z0195100581 (pbk. : acid-free paper)
020 _z9780195100570
040 _aCaPaEBR
_cCaPaEBR
035 _a(OCoLC)76830604
050 1 4 _aHV2391
_b.R45 1997eb
082 0 4 _a306.4/4/0871
_220
245 0 0 _aRelations of language and thought
_h[electronic resource] :
_bthe view from sign language and deaf children /
_cMarc Marschark ... [et al.].
260 _aNew York :
_bOxford University Press,
_c1997.
300 _axii, 189 p. :
_bill.
490 1 _aCounterpoints
504 _aIncludes bibliographical references and index.
533 _aElectronic reproduction.
_bPalo Alto, Calif. :
_cebrary,
_d2009.
_nAvailable via World Wide Web.
_nAccess may be limited to ebrary affiliated libraries.
650 0 _aCognition in children.
650 0 _aDeaf children
_xLanguage.
650 0 _aDeaf children
_xMeans of communication.
650 0 _aSign language.
655 7 _aElectronic books.
_2local
700 1 _aMarschark, Marc.
710 2 _aebrary, Inc.
830 0 _aCounterpoints (Oxford University Press)
856 4 0 _uhttp://site.ebrary.com/lib/rucke/Doc?id=10279315
_zAn electronic book accessible through the World Wide Web; click to view
999 _c3878
_d3878